000 01135nam a2200301Ia 4500
003 GCL
008 140319s9999 xx 000 0 ara d
020 _a5029437977
040 _aGCL /
_cGCL
082 0 4 _a792.015
_bب م
100 1 _aبافيس، باتريس
245 1 0 _aالمسرح المعاصر :
_bتحليل النصوص من ساروت الى فينافر /
_cبافيس، باتريس
700 1 _aسلوى عبدالحميد لطفى
700 1 _aجوزين جودت عثمان
260 _aالقاهرة :
_bوزارة الثقافة - مهرجان القاهرة الدولى للمسرح التجريبى ،
_c2006
300 _a360 ص ؛
_c24 سم
650 0 4 _aالاخراج المسرحى
650 0 4 _aالمسرح - تاريخ ونقد
650 0 4 _aالمسارح - ديكور
650 0 4 _aميشيل فينافر
650 0 4 _aبرنار مارى كولتاس
650 0 4 _aفيليب مينيانا
650 0 4 _aفالير نوفارينا
650 0 4 _aجزافييه دورنجر
650 0 4 _aياسمينا ريزا
650 0 4 _aجان لوك لاجارس
942 _2ddc
_cBK
999 _c9077
_d9077